000 01274cam a2200325 a 4500
001 000019949
003 DO-SdBNP
005 20251112115145.0
008 770311s1974 ve a b 001 0 spa d
040 _aDO-SdBNP
_bspa
_cLC
_dBNPHU
049 _aBNGR
082 _a913.87
_bS228a
100 1 _aSanoja, Mario.
_916154
245 1 0 _aAntiguas formaciones y modos de producción venezolanos :
_bnotas para el estudio de los procesos de integración de la sociedad venezolana 12.000 A.C.-1.900 D.C. /
_cMario Sanoja y Iraida Vargas.
260 _aCaracas :
_bMonte Avila,
_c1974.
300 _a290, [12], xxxvi p. :
_bil. ;
_c23 cm.
490 1 _aTemas Venezolanos
500 _aIncluye índice de materias.
504 _aIncluye referencias bibliográfica y notas al pie de las páginas.
650 4 _aIndígenas de venezuela
_926019
650 4 _aExcavaciones arqueológicas
_zVenezuela
_942540
650 4 _aSociología
_zVenezuela
_xHistoria
_933668
650 0 _aIndígenas de América del Sur
_96752
651 7 _aVenezuela
_xCondiciones económicas
_926230
_2LEMB
651 0 _aVenezuela
_xAntigüedades
_926230
700 1 _aVargas Arenas, Iraida.
_916157
830 0 _aTemas Venezolanos
_96823
910 _aCatalogación derivada / LC
942 _2ddc
_cLBS1
999 _c19462
_d19462